[Event "12th Maria Albulet Memorial 2019"]
[Site "Braila"]
[Date "2019.10.09"]
[Round "9.2"]
[White "Petrenko, Svetlana"]
[Black "Navrotescu, Andreea-Cristiana"]
[Result "1-0"]
[WhiteElo "2112"]
[BlackElo "2241"]
[Annotator "TA"]
[PlyCount "83"]
[EventDate "2019.10.02"]
[EventType "swiss"]
[EventCountry "ROU"]
[SourceTitle "playchess.com"]
[Source "ChessBase"]
[SourceQuality "1"]

{[%evp 12,83,-9,-28,6,-22,-25,-23,-17,-22,3,-6,-6,-39,-34,-34,-25,-35,-21,-41,-27,-52,-12,-18,-8,-18,-19,-18,21,0,0,0,0,0,0,6,107,90,107,105,112,116,95,39,147,121,127,108,350,342,600,592,560,564,685,631,852,824,1209,1191,1445,1366,1296,1144,2403,2357,2234,1843,2097,1974,1248,1188,1205,1062]} 1. d4 f5 2. c4 Nf6 3. Nc3 e6 4. Nf3 Bb4 5. a3 Bxc3+ 6. bxc3 Ne4 7. Qc2 (7. e3 {looks sharper.} b6 8. Bd3 Bb7 9. a4 Nxc3 10. Qb3) 7... d6 {E21: Nimzo-Indian: 4 Nf3} (7... Nc6 {seems wilder.} 8. Rg1 O-O 9. g4 d6 10. Bh6 Rf7) (7... b6 8. g4 O-O 9. gxf5 exf5 10. Rg1 Qf6 11. Bf4 d6 12. Ng5 Bb7 13. f3 Nxg5 14. Bxg5 Qe6 15. O-O-O Qxc4 16. e4 Qe6 {½-½ (16) Dmitrenko,V (2353)-Dubiel,J (2416) Karvina 2011}) 8. Nd2 (8. a4 {with more complications.} b6 9. g3 Nc6 10. Bg2 Na5 11. Nd2) 8... Nxd2 9. Bxd2 O-O {Black has an edge.} 10. g3 $146 ({Predecessor:} 10. e4 f4 11. g3 e5 12. c5 Kh8 13. cxd6 cxd6 14. gxf4 exf4 {1-0 (32) Barnak,A (2053)-Szabo,E (2132) Hungary 2004}) 10... e5 11. c5 Nc6 12. d5 Nb8 {[%cal Bc6b8,Bb8a6,Ba6c5][%mdl 32]} 13. cxd6 cxd6 14. c4 Na6 15. Bg2 Bd7 16. Rb1 Nc5 17. Bb4 {Black should prevent Bxc5.} Ba4 18. Qc3 Na6 19. O-O f4 20. Qd3 Rc8 21. Be4 $36 {[%mdl 2048] White is more active.} h6 22. Bf5 Rc7 $1 23. gxf4 Kh8 {[#]} (23... exf4 $11 {keeps the balance.} 24. Kh1 Nxb4 25. axb4 Bd7) 24. fxe5 $1 $16 Qg5+ 25. Kh1 Rxf5 26. Bxd6 Rd7 27. Qg3 (27. f3 $16) 27... Qxg3 ({Black should try} 27... Qf4 $14) 28. hxg3 b6 29. f3 Nc7 $2 {[#]} (29... Nc5 $16) 30. Rb4 $18 b5 $2 (30... Rh5+ 31. Kg2 Bc2 32. Bxc7 Rxc7) 31. Bxc7 {White is clearly winning.} Rxc7 32. d6 Rd7 33. f4 Bc2 34. c5 {[%cal Bc4c5,Bc5c6][%mdl 32]} a5 35. Rd4 Bb3 36. c6 Ra7 37. d7 Rf8 38. d8=Q Rxd8 39. Rxd8+ Kh7 40. Rc1 Bc4 41. Rxc4 bxc4 42. Rd4 {Accuracy: White = 64%, Black = 42%.} 1-0

[Event "12th Maria Albulet Memorial 2019"]
[Site "Braila"]
[Date "2019.10.09"]
[Round "9.3"]
[White "Doluhanova, Evgeniya"]
[Black "Cosman, Andreea-Marioara"]
[Result "1/2-1/2"]
[WhiteElo "2285"]
[BlackElo "2165"]
[Annotator "TA"]
[PlyCount "147"]
[EventDate "2019.10.02"]
[EventType "swiss"]
[EventCountry "ROU"]
[SourceTitle "playchess.com"]
[Source "ChessBase"]
[SourceQuality "1"]

{[%evp 20,147,0,-2,24,-13,0,-7,0,-19,-20,-27,-28,-18,-17,-17,-17,-26,-17,-22,-12,-14,-6,-8,-6,-62,-62,-86,0,0,0,0,0,0,18,-13,-20,-32,0,0,0,0,0,0,0,0,0,-110,-60,-204,-179,-197,-197,-239,-230,-239,-239,-224,-231,-241,-225,-232,-68,-463,-483,-1112,-525,-442,-473,-657,-350,-320,0,-632,-247,-244,-237,-236,-228,-263,-110,-101,-59,-44,-51,-138,-33,-26,-18,-10,0,-202,-51,-51,-51,-51,-51,-51,-51,-51,-10,-10,0,0,0,0,0,0,0,0,0,0,0,-10,0,0,0,-38,0,0,0,0,0,0,0,0,0,0,0,0]} 1. e4 c5 2. Nf3 d6 3. d4 cxd4 4. Nxd4 Nf6 5. Nc3 a6 6. Be2 e5 7. Nb3 Be7 8. Be3 Be6 9. Nd5 Nxd5 10. exd5 Bf5 11. Qd2 Nd7 {B92: Sicilian Najdorf: 6 Be2} (11... O-O 12. O-O Bg6 13. Kh1 Re8 14. a4 Qc7 15. Rac1 Nd7 16. a5 Bf6 17. c4 e4 18. c5 Nxc5 19. Nxc5 dxc5 {1-0 (29) Czarnota,P (2546)-Antoniewski,R (2521) Poland 2018}) 12. a4 Qc7 $146 ({Predecessor:} 12... b6 13. O-O h6 14. Bc4 g5 15. Qe2 Qc8 16. f3 Bg6 17. Nd2 f5 18. Bd3 Nc5 19. b4 Nxd3 20. Qxd3 {0-1 (50) Santos,J-Araujo,L Portugal 2000}) 13. c4 a5 14. h4 h5 15. Rc1 b6 16. Bg5 {White wants to play Bxe7.} Nc5 17. Nxc5 bxc5 18. Rc3 Rb8 19. O-O Qd7 20. Bd1 f6 21. Be3 Bg6 22. b3 ({Better is} 22. Rb3 $11 O-O 23. Rb5) 22... f5 $15 23. Bg5 Bxg5 (23... f4 $1 $17 24. Bc2 Bxc2 25. Qxc2 Kf7) 24. Qxg5 $11 Rh6 25. Bc2 {Threatening Rf3.} Qf7 26. Rg3 Kd7 27. Re1 Kc7 28. Qd2 Ra8 29. Rg5 f4 30. g3 Bxc2 31. Qxc2 fxg3 32. Rxg3 Kb6 33. Qd2 (33. Ree3 $11 {remains equal.}) 33... Rf8 $17 {[%cal Ba8f8,Bf8f6,Bf6g6][%mdl 32]} 34. Rb1 (34. Ree3 $15) 34... Rg6 35. Rb2 Qf5 36. Kh2 Rff6 37. Qe3 Rg4 38. b4 axb4 39. Rxb4+ Kc7 40. Rb2 Rxh4+ $2 (40... Rxc4 $19 {Hoping for ...Rg6.} 41. Rxg7+ Rf7) 41. Kg2 $2 {[%mdl 8192]} (41. Kg1 $15 Rg4 42. Qc3 Rxg3+ 43. fxg3) 41... Rg6 $19 42. Qe1 (42. Kg1 $142 Rxc4 43. a5) 42... Rxg3+ (42... Kc8 $142 {( -> ...e4)} 43. Rb6 Rxg3+ 44. fxg3 Qc2+ {[%mdl 64] Double Attack} 45. Qf2 Rh2+ $1 {[%mdl 576] Skewer, Deflection} 46. Kxh2 Qxf2+ 47. Kh3 Qf1+ 48. Kh2 Qf2+ 49. Kh3 Qf1+ 50. Kh2 Qxc4 51. Rc6+ Kd7) 43. fxg3 {[%mdl 4096] Endgame Threatening mate with Qa5+. KQR-KQR} Qh3+ 44. Kf3 {White wants to mate with Qa5+.} Qg4+ 45. Kg2 {Qa5+ would kill now.} Qh3+ $2 (45... Kc8 46. Qb1 Qh3+ 47. Kf2 Qh2+ 48. Kf1 Qh1+ 49. Kf2 Qxb1 50. Rxb1 Rxc4) 46. Kf3 $1 {White threatens Qa5+ and mate.} Qh1+ $2 (46... Rf4+ 47. Ke3 Kc8) 47. Qxh1 Rxh1 {KR-KR} 48. a5 Ra1 49. Ke4 g6 (49... Rxa5 $19 {and Black stays clearly on top. Strongly threatening ...Ra3.} 50. Rf2 Ra4 51. Rf7+ Kb6) 50. Rf2 $17 Ra4 51. Rf7+ Kc8 52. Kd3 {[#]} (52. Rf6 $15 Rxc4+ 53. Kf3) 52... Rxa5 (52... Ra3+ $1 $17 53. Ke2 Rxg3) 53. Rf6 Ra3+ 54. Ke4 Rxg3 55. Rxd6 $2 (55. Rf8+ $1 $11 {and White has nothing to worry.} Kb7 56. Rb8+ Ka7 57. Rb7+ Ka8 58. Rb8+ Kxb8) 55... Rg5 $2 ({Black should try} 55... h4 $19 56. Rc6+ Kd7) 56. Rc6+ $15 Kd7 {And now ...h4 would win.} 57. Rxc5 h4 {Threatens to win with ...h3.} 58. Ra5 h3 $1 {[%cal Rh3h2] ...h2 is the strong threat.} 59. Ra1 $1 h2 (59... Kd6 $5 {[%cal Rg5g4]} 60. Kf3 Rh5 $17) 60. Rh1 Rh5 {White must now prevent ...Kd6.} 61. c5 Kc7 62. Kf3 Rh4 63. Kg2 Rd4 64. d6+ Kc6 65. Re1 Rh4 66. Rd1 Rd4 67. Re1 Rh4 68. Rd1 Rd4 69. Re1 {The position is equal.} Kxc5 70. Rxe5+ Kxd6 71. Rg5 Rh4 72. Rxg6+ Ke5 73. Kh1 Kf4 74. Rg2 {Accuracy: White = 50%, Black = 43%.} 1/2-1/2

[Event "12th Maria Albulet Memorial 2019"]
[Site "Braila"]
[Date "2019.10.09"]
[Round "9.4"]
[White "Lehaci, Miruna-Daria"]
[Black "Mihailova, Alina"]
[Result "1/2-1/2"]
[WhiteElo "2131"]
[BlackElo "1770"]
[Annotator "TA"]
[PlyCount "121"]
[EventDate "2019.10.02"]
[EventType "swiss"]
[EventCountry "ROU"]
[SourceTitle "playchess.com"]
[Source "ChessBase"]
[SourceQuality "1"]

{[%evp 16,121,16,6,9,8,9,13,23,0,70,64,67,68,59,20,21,-8,-9,-12,-12,-16,-10,-17,7,7,2,0,3,2,6,0,0,0,0,0,0,0,0,0,0,0,0,0,0,0,0,0,12,0,0,0,0,0,0,0,0,0,0,0,0,0,0,0,0,0,0,8,18,0,1,0,47,51,64,0,0,0,0,0,0,0,0,0,0,0,0,0,0,0,0,0,0,0,0,0,0,0,0,0,0,0,0,0,0,0,0,0]} 1. e4 e5 2. Nf3 Nf6 3. Nxe5 d6 4. Nf3 Nxe4 5. d4 d5 6. Bd3 Be7 7. O-O Nc6 8. h3 O-O 9. c4 Nb4 {C42: Petroff Defence: 3 Nxe5 and unusual White 3rd moves} 10. Be2 Bf5 (10... dxc4 11. Bxc4 Nf6 12. Nc3 c6 13. Bf4 Nbd5 14. Be5 Be6 15. Bb3 h6 16. Re1 Re8 17. Rc1 Rc8 18. Rc2 Bb4 19. Nd2 Nb6 20. Rc1 Bxb3 21. Qxb3 {0-1 (37) Fernandes,A (2478)-Rizouk,A (2499) Santo Antonio 2003}) 11. a3 Nc6 12. Nc3 Be6 $146 ({Black should play} 12... Nxc3 $11 13. bxc3 dxc4) ({Predecessor:} 12... dxc4 13. Bxc4 Nxc3 14. bxc3 Bf6 15. Bf4 Qd7 16. Qd2 Rfe8 17. Rfe1 Na5 {½-½ (49) Hewitt,W (2053)-Jones,I (2171) Cardiff 2015}) 13. Nxd5 $14 Bxd5 14. cxd5 Qxd5 15. Bf4 Bf6 {[%cal Rc6d4]} 16. Bxc7 Nxd4 17. Nxd4 Qxd4 18. Bf3 Nd2 {[#] Strongly threatening ...Rac8.} 19. Bxb7 Nxf1 20. Qxd4 Bxd4 21. Bxa8 Rxa8 22. Kxf1 $11 {[%mdl 4096] Endgame KRB-KRB} Rc8 23. Bg3 Bxb2 24. Ra2 $1 {[%cal Ra2b2]} Bd4 25. Ke2 Kf8 26. Kd3 Bb6 27. a4 Ke7 28. a5 Bc5 29. Rb2 Ke6 30. Rb7 Rc6 31. f3 Bg1 32. Bf4 Rc5 33. Bd2 Rd5+ 34. Kc2 Rd7 35. Rb8 g6 36. Bc3 Rd5 37. Kb3 h5 38. Bb4 Rd7 39. Kc4 Rc7+ 40. Kb5 Rc2 41. Re8+ Kd5 42. g4 hxg4 43. hxg4 Rc7 44. Rd8+ Ke6 45. Rd6+ (45. Rd1 $14 Bf2 46. f4) 45... Ke5 {The position is equal.} 46. Rd1 {[#] Hoping for Bd6+.} Rb7+ 47. Ka6 Rxb4 48. Rxg1 {KR-KR} Kf4 49. g5 {aiming for Rg4+.} Kxf3 50. Kxa7 Kf4 51. a6 Kf5 52. Ka8 f6 53. gxf6 Kxf6 54. a7 g5 55. Rf1+ Ke5 56. Rf7 g4 57. Rb7 Ra4 58. Kb8 g3 59. a8=Q Rxa8+ 60. Kxa8 Kf4 61. Rg7 {Accuracy: White = 70%, Black = 82%.} 1/2-1/2

[Event "12th Maria Albulet Memorial 2019"]
[Site "Braila"]
[Date "2019.10.09"]
[Round "9.5"]
[White "Anghel, Maria"]
[Black "Cosma, Elena-Luminita"]
[Result "0-1"]
[WhiteElo "1743"]
[BlackElo "2313"]
[Annotator "TA"]
[PlyCount "144"]
[EventDate "2019.10.02"]
[EventType "swiss"]
[EventCountry "ROU"]
[SourceTitle "playchess.com"]
[Source "ChessBase"]
[SourceQuality "1"]

{[%evp 12,144,13,2,29,18,38,39,32,20,18,20,26,38,22,18,92,11,12,0,0,0,0,-2,0,-8,-4,-4,0,-22,-23,-22,-10,-18,-18,-24,-4,-10,-4,-14,-3,-11,-8,-15,-10,-10,-20,-36,-31,-31,-31,-34,-32,-57,-19,-194,-31,-41,-19,-30,-38,-44,-19,-33,-31,-31,-25,-147,-155,-161,-149,-146,-153,-222,-174,-178,-145,-147,-133,-276,-277,-309,-302,-340,-340,-322,-309,-429,-429,-429,-429,-429,-400,-429,-429,-429,-429,-422,-408,-579,-566,-681,-674,-709,-709,-709,-706,-703,-690,-703,-708,-712,-712,-701,-712,-707,-678,-703,-705,-691,-655,-828,-785,-1177,-1159,-1259,-1248,-1227,-1148,-1056,-1010,-1222,-1139,-1027,-806]} 1. d4 d5 2. c4 e6 3. Nc3 Nf6 4. cxd5 exd5 5. Bg5 c6 6. Nf3 Be7 7. e3 Qb6 {D35: Queen's Gambit Declined: Exchange Variation} (7... Bf5 8. Bd3 Bxd3 9. Qxd3 Nbd7 10. O-O O-O 11. Rab1 a5 12. h3 {½-½ (12) Amonatov,F (2624)-Shimanov,A (2623) Astana 2017}) 8. Rb1 Na6 $146 {[%cal Bb8a6,Ba6c7,Bc7e6][%mdl 32]} ({Predecessor:} 8... Bf5 9. Bd3 Bxd3 10. Qxd3 O-O 11. O-O Nbd7 12. b4 a6 13. Na4 Qc7 14. Nc5 Rfe8 15. Bf4 {0-1 (41) Mandel,A (2391)-Strohhaeker,R (2396) Germany 2008}) 9. a3 Bf5 {White is slightly better.} 10. Bd3 Bxd3 $1 11. Qxd3 Nc7 12. O-O Ne6 13. Bh4 a5 (13... Qd8 $11 {remains equal.}) 14. Na4 ({Better is} 14. b4 $1 $16) 14... Qd8 15. Qc2 Ne4 16. Bxe7 Qxe7 17. b4 axb4 18. axb4 Nd6 19. Nc5 O-O 20. Ne5 Nc7 21. Ra1 Ncb5 22. h3 Rfd8 23. Ra2 f6 24. Ned3 Rf8 25. Rfa1 Rae8 26. Re1 Qf7 27. Rc1 g5 28. Qd1 Qg6 29. g3 Rf7 30. Ne1 Rfe7 31. Kh2 Kg7 32. Qd3 Nf5 33. Raa1 $2 {[#]} (33. Ng2 $11) 33... h5 $2 (33... Rxe3 $1 $19 {[%mdl 512]} 34. fxe3 Rxe3) 34. Ng2 Nbd6 35. Rc2 Qf7 36. Rca2 Qg8 (36... h4 $5 {[%cal Rh4g3]} 37. gxh4 Rh8 $15) 37. Ra7 {next Nxb7! is good for White.} Rb8 38. Qd1 Nb5 $36 {[%mdl 2048] Black has the initiative.} 39. R7a5 (39. R7a2 $1 $11) 39... b6 $17 {[%mdl 64] Double Attack} 40. Rxb5 cxb5 41. Nd3 {[#]} Qf7 $1 42. Qb3 (42. h4 $17) 42... Rc7 43. Ra6 Rc4 44. Qa2 Rc3 45. Nge1 (45. h4 $17) 45... h4 $19 46. g4 Nd6 47. Ra7 Rb7 48. Ra8 Ne4 49. Qb2 Ra7 50. Rxa7 Qxa7 51. Kg2 Rc4 52. Nc2 Qa4 53. Nce1 Rc7 54. Qe2 Qb3 55. Qf3 (55. Qb2 $142 Qxb2 56. Nxb2) 55... Nd6 {Black is clearly winning.} 56. Kh2 Rc3 57. Qe2 Qc4 58. Kg2 Rb3 59. Qd1 Ra3 60. Qe2 Ne4 61. Qd1 Ra2 62. Qf3 Qc6 63. Kg1 Qc8 64. Kg2 Rd2 65. Kg1 Qe6 66. Kg2 Nd6 67. Kg1 Qe4 68. Qg2 Rxd3 69. Nxd3 Qxd3 70. Qxd5 Qb1+ 71. Kh2 Qxb4 72. Qe6 Nf7 {Accuracy: White = 38%, Black = 55%.} 0-1

[Event "12th Maria Albulet Memorial 2019"]
[Site "Braila"]
[Date "2019.10.09"]
[Round "9.6"]
[White "Paraschiv, Petronela-Alexandra"]
[Black "Bucur, Denisa-Andreea"]
[Result "0-1"]
[WhiteElo "1829"]
[BlackElo "1888"]
[Annotator "NA RC"]
[PlyCount "58"]
[EventDate "2019.10.02"]
[EventType "swiss"]
[EventCountry "ROU"]
[SourceTitle "playchess.com"]
[Source "ChessBase"]
[SourceQuality "1"]
[TimeControl "40/5400+30:900+30"]

{[%evp 24,57,26,24,26,20,79,45,60,12,27,0,12,0,0,-13,5,-34,-3,-47,-47,-122,-197,-143,-201,-602,-637,-1367,-1410,-1199,-1535,-2258,-2212,-4057,-6968,-29990]} 1. e4 {[%emt 0:00:00]} c5 {[%emt 0:00:00]} 2. Nf3 {[%emt 0:00:04]} d6 {[%emt 0:00:00]} 3. d4 {[%emt 0:00:39]} cxd4 {[%emt 0:00:00]} 4. Qxd4 {[%emt 0:00:08]} Nf6 {[%emt 0:00:00]} 5. Bg5 {[%emt 0:00:42]} Nc6 {[%emt 0:00:00]} 6. Bb5 {[%emt 0:00:20]} Bd7 {[%emt 0:00:06]} 7. Bxc6 {[%emt 0:00:08]} Bxc6 {[%emt 0:00:04]} 8. Nc3 {[%emt 0:00:55]} e6 {[%emt 0:00:30]} 9. O-O-O {[%emt 0:01:22]} Be7 {[%emt 0:00:16]} 10. Kb1 {[%emt 0:01:42]} O-O {[%emt 0:01:03]} 11. Rhe1 {[%emt 0:01:16]} Qa5 {[%emt 0:05:59]} 12. Qd2 {[%emt 0:03:13]} Qb6 {[%emt 0:03:13]} 13. Nd4 {[%emt 0:02:27] B53: Sicilian: 2...d6: Lines with Qxd4} a6 {[%emt 0:13:36]} (13... Rfd8 14. g4 Rac8 15. f3 Be8 16. Nd5 Nxd5 17. exd5 Bxg5 18. Qxg5 Qc5 19. Qc1 e5 20. Nf5 Rd7 {½-½ (31) Cao,S (2548)-Acs,P (2522) Hungary 2007}) 14. f3 {[%emt 0:02:38]} Rac8 {[%emt 0:02:55]} 15. g4 {[%emt 0:05:06]} Rfe8 {[%emt 0:00:50]} 16. Be3 $146 {[%emt 0:07:59]} (16. h4 $14) ({Predecessor:} 16. Nce2 Qc7 17. Ng3 b5 18. h4 Bb7 19. Rc1 Qc4 20. Nh5 Nxh5 21. gxh5 {1-0 (39) Andersson,J (2117)-Madebrink,L (2247) Sweden 2010}) 16... Qc7 {[%emt 0:00:12]} 17. h4 {[%emt 0:00:58]} Nd7 {[%emt 0:00:32]} 18. g5 {[%emt 0:01:10]} Ne5 {[%emt 0:01:29]} 19. f4 {[%emt 0:05:48]} Nc4 {[%emt 0:00:20]} 20. Qf2 {[%emt 0:01:09]} b5 {[%emt 0:03:10]} 21. a3 {[%emt 0:26:33]} Ba8 {[%emt 0:03:00]} 22. Bd2 {[%emt 0:03:22] [#]} (22. Rd3 $1 $15) 22... d5 $1 {[%emt 0:09:36]} 23. e5 {[%emt 0:04:03]} Bxa3 $1 {[%emt 0:02:22]} 24. Ncxb5 $2 {[%emt 0:02:18]} (24. bxa3 $17 Nxa3+ 25. Kb2) 24... axb5 {[%emt 0:00:42]} 25. Nxb5 {[%emt 0:00:19]} Qb7 {[%emt 0:00:18]} 26. b3 {[%emt 0:01:16]} Qxb5 {[%emt 0:00:09]} 27. Re2 {[%emt 0:01:45]} Bc5 {[%emt 0:02:16]} 28. Qe1 {[%emt 0:01:01]} Na3+ {[%emt 0:00:16]} 29. Kb2 {[%emt 0:00:43]} Nxc2 {[%emt 0:00:06]} 0-1

[Event "12th Maria Albulet Memorial 2019"]
[Site "Braila"]
[Date "2019.10.09"]
[Round "9.7"]
[White "Pitigoi, Sabina-Andreea"]
[Black "Didiliuc, Dariana-Gabriela"]
[Result "0-1"]
[WhiteElo "1490"]
[BlackElo "1798"]
[Annotator "NA RC"]
[PlyCount "121"]
[EventDate "2019.10.02"]
[EventType "swiss"]
[EventCountry "ROU"]
[SourceTitle "playchess.com"]
[Source "ChessBase"]
[SourceQuality "1"]
[TimeControl "40/5400+30:900+30"]

1. d4 {[%emt 0:00:00]} d5 {[%emt 0:00:03]} 2. c4 {[%emt 0:00:02]} e6 {[%emt 0:00:06]} 3. Nc3 {[%emt 0:00:08]} c6 {[%emt 0:00:25]} 4. cxd5 {[%emt 0:00:39]} exd5 {[%emt 0:00:14]} 5. Nf3 {[%emt 0:00:26]} Nf6 {[%emt 0:00:27]} 6. Bf4 {[%emt 0:00:58]} Bd6 {[%emt 0:01:36]} 7. Bxd6 {[%emt 0:00:55]} Qxd6 {[%emt 0:00:06]} 8. e3 {[%emt 0:00:21]} Bf5 {[%emt 0:00:20]} 9. Bd3 {[%emt 0:01:02]} Bxd3 {[%emt 0:00:37]} 10. Qxd3 {[%emt 0:00:06]} Nbd7 {[%emt 0:00:21]} 11. O-O {[%emt 0:00:30]} O-O {[%emt 0:01:50]} 12. Rfe1 {[%emt 0:01:06]} Rfe8 {[%emt 0:00:20]} 13. e4 {[%emt 0:01:28]} dxe4 {[%emt 0:00:24]} 14. Nxe4 {[%emt 0:00:07]} Nxe4 {[%emt 0:00:17]} 15. Rxe4 {[%emt 0:00:06]} Rxe4 {[%emt 0:00:34]} 16. Qxe4 {[%emt 0:00:05]} Nf6 {[%emt 0:00:12]} 17. Qe5 {[%emt 0:03:25]} Qb4 {[%emt 0:00:45]} 18. Rb1 {[%emt 0:03:43]} Re8 {[%emt 0:00:38]} 19. Qc5 {[%emt 0:06:06]} Qa4 {[%emt 0:02:18]} 20. a3 {[%emt 0:15:00]} Re2 {[%emt 0:10:53]} 21. b3 {[%emt 0:01:27]} Qa6 {[%emt 0:00:48]} 22. Qc4 {[%emt 0:01:11]} Qxc4 {[%emt 0:04:24]} 23. bxc4 Re7 24. Re1 {[%emt 0:02:26]} Rxe1+ {[%emt 0:01:38]} 25. Nxe1 {[%emt 0:00:06]} Ne4 {[%emt 0:00:03]} 26. Nd3 {[%emt 0:04:53]} Nd6 {[%emt 0:01:12]} 27. Nb2 {[%emt 0:00:56]} b5 {[%emt 0:10:28]} 28. d5 {[%emt 0:10:35]} bxc4 {[%emt 0:01:20]} 29. dxc6 {[%emt 0:00:06]} c3 {[%emt 0:00:06]} 30. Nd3 {[%emt 0:00:12]} c2 {[%emt 0:00:15]} 31. c7 {[%emt 0:00:26]} Kf8 {[%emt 0:00:03]} 32. Kf1 {[%emt 0:00:16]} Ke7 {[%emt 0:00:11]} 33. Ke2 {[%emt 0:00:21]} Kd7 {[%emt 0:01:04]} 34. Kd2 {[%emt 0:01:47]} Nc4+ {[%emt 0:00:25]} 35. Kxc2 {[%emt 0:00:09]} Nxa3+ {[%emt 0:00:13]} 36. Kb3 {[%emt 0:00:05]} Nb5 {[%emt 0:00:36]} 37. Ne5+ {[%emt 0:00:07]} Kxc7 {[%emt 0:00:05]} 38. Nxf7 {[%emt 0:00:09]} h6 {[%emt 0:03:57]} 39. Ne5 {[%emt 0:02:27]} Kd6 {[%emt 0:04:01]} 40. Nc4+ {[%emt 0:00:00]} Kd5 {[%emt 0:00:00]} 41. Ne3+ {[%emt 0:07:02]} Ke4 {[%emt 0:01:41]} 42. Kb4 {[%emt 0:03:39]} Nd4 {[%emt 0:03:30]} 43. Kc4 {[%emt 0:02:30]} h5 {[%emt 0:08:34]} 44. Nf1 {[%emt 0:05:39]} Nf5 {[%emt 0:02:10]} 45. Nd2+ {[%emt 0:05:06]} Kf4 {[%emt 0:00:36]} 46. h3 {[%emt 0:00:39]} Ke5 {[%emt 0:05:01]} 47. Nf3+ {[%emt 0:01:43]} Ke4 {[%emt 0:01:09]} 48. Nd2+ {[%emt 0:00:30]} Kf4 {[%emt 0:00:06]} 49. Kb5 {[%emt 0:02:28]} Nd6+ {[%emt 0:04:09]} 50. Ka6 {[%emt 0:05:45]} Ne4 {[%emt 0:00:07]} 51. Nf1 {[%emt 0:00:05]} Nxf2 {[%emt 0:00:37]} 52. Kxa7 {[%emt 0:04:12]} Nd1 {[%emt 0:00:34]} 53. g4 h4 {[%emt 0:00:29]} 54. Kb6 {[%emt 0:13:21]} Nf2 55. Kc5 {[%emt 0:02:13]} Nxh3 {[%emt 0:00:36]} 56. Kd4 {[%emt 0:00:09]} g5 {[%emt 0:00:29]} 57. Ne3 {[%emt 0:01:52]} Nf2 {[%emt 0:00:12]} 58. Ng2+ {[%emt 0:00:31]} Kxg4 {[%emt 0:00:11]} 59. Ke3 {[%emt 0:00:29]} Kg3 {[%emt 0:00:20]} 60. Ne1 {[%emt 0:00:49]} h3 {[%emt 0:00:47]} 61. Kd4 0-1